- Claparède, Edouard,
Entry Nombre Personal
001 - NUMERO DE CONTROL
- campo de control: 30301
003 - IDENTIFICADOR DE NUMERO DE CONTROL
- campo de control: MX-MxUPN
005 - FECHA Y HORA DE LA ÜLTIMA TRANSACCIÓN
- campo de control: 20240613100723.0
008 - DATOS DE LONGITUD FIJA
- campo de control de longitud fija: 240613n||acannaabn a aaa |d
010 ## - NÚMERO DE CONTROL DE LA BIBLIOTECA DEL CONGRESO
- Número de control LC: n 50062963
035 ## - NUMERO DE CONTROL
- Número de control: UPN11000002407
035 ## - NUMERO DE CONTROL
- Número de control: (DLC)n 50062963
040 ## - FUENTE DE CATALOGACIÓN
- Agencia original de catalogación: DLC
- Lenguaje de catalogación: spa
- Agencia de transcripción: DLC
- Agencia que lo modifica: MX-MxUPN
- Agencia que lo modifica: DLC
- Agencia que lo modifica: Uk
100 1# - ENCABEZAMIENTO - NOMBRE PERSONAL
- Nombre personal: Claparède, Edouard,
- Fechas asociadas con el nombre: 1873-1940
373 ## - GRUPO ASOCIADO
- Associated group: Universidad de Ginebra
374 ## - OCUPACIÓN
- Occupation: Profesor universitario
400 1# - VEÁSE - NOMBRE DE PERSONA
- Personal name: Cleparède, E.,
- Dates associated with a name: 1873-1940
400 1# - VEÁSE - NOMBRE DE PERSONA
- Personal name: Cleparède, Ed,
- Dates associated with a name: 1873-1940
670 ## - FUENTE EN LA QUE SE LOCALIZARON DATOS
- Cita de la fuente: La escuela y la psicología experimental, 1931:
- Información localizada: portada (E. Cleparède)
670 ## - FUENTE EN LA QUE SE LOCALIZARON DATOS
- Cita de la fuente: El método Decroly, 1927 :
- Información localizada: portada (Dr. Ed. Claparède profesor de la Universidad de Ginebra)
670 ## - FUENTE EN LA QUE SE LOCALIZARON DATOS
- Cita de la fuente: Biblioteca del Congreso, 27 octubre 2022:
- Información localizada: (encabezamiento: Claparède, Edouard, 1873-1940)
- Uniform Resource Identifier: https://lccn.loc.gov/n50062963
902 ## - CATALOGADOR
- Catalogador: CAA/010910
- Catalogador: MaríaRobles/130624
